| 000 | 01417nam a22002777a 4500 | ||
|---|---|---|---|
| 003 | OSt | ||
| 005 | 20240228163928.0 | ||
| 008 | 230518s2017 |||||||| |||| 00| 0 spa d | ||
| 020 | _a9786070743559 | ||
| 020 | _a9789584271167 | ||
| 040 |
_aCO-JMCR _bCO-JMCR _dCO-JMCR _erda |
||
| 041 | 1 | _aspa | |
| 082 |
_aA-N _bCHRm1 |
||
| 100 |
_aChristie, Agatha _eautora _942190 |
||
| 245 | 0 |
_aMuerte en el nilo / _cAgatha Christie |
|
| 246 | _aDeath on the Nile | ||
| 260 |
_a Bogotá _bBooket _c2017 |
||
| 300 |
_a230 páginas _c19 cm |
||
| 500 | _aIncluye guia del lector | ||
| 520 | _aLinnet Doyle lo tiene todo: belleza, riqueza, amor... y un viaje por el Nilo para disfrutar de su luna de miel. Pero, tras esta aparente plenitud, muchos peligros la acechan: los incontrolables celos de su amiga, los intereses económicos de sus tutores, la ambición de los ladrones de joyas... Poco a poco, el crimen se va perfilando como al inevitable, y Linnet aparece asesinada en su camarote. Poirot, que pensaba pasar unos días de vacaciones en el Nilo, se verá envuelto en este peculiar caso en el que saldrá a la luz más de un asunto tenebroso, pero en el que también hay lugar para los acontecimientos felices | ||
| 546 | _aTraducido del inglés | ||
| 650 |
_2JMCR _aNovela Inglesa _ySiglo XX _97155 |
||
| 650 |
_aNovela policiaca _ySiglo XX _943322 |
||
| 700 |
_aGrancho, Horacio _eTraductor _943527 |
||
| 942 |
_2ddc _cBK |
||
| 999 |
_c30027 _d16411 |
||